Ciele udržateľného rozvoja - Cieľ 3 - Kvalita zdravia a života diplomová práca

Na minha lista:
Detalhes bibliográficos
Autor principal: Zhernosek, Daniil
Autor Corporativo: Fakulta medzinárodných vzťahov EU. Katedra medzinárodných ekonomických vzťahov a hospodárskej diplomacie
Outros Autores: Lipková, Ľudmila
Formato: Livro
Idioma:russo
Publicado em: Bratislava 2021
Tags: Adicionar Tag
Sem tags, seja o primeiro a adicionar uma tag!

MARC

LEADER 00000nbm a2200000 4500
001 0275339
005 20220314133420.4
041 0 |a rus 
044 |a SK 
245 1 0 |a Ciele udržateľného rozvoja - Cieľ 3 - Kvalita zdravia a života  |b diplomová práca  |c Daniil Zhernosek ; školiteľ: Ľudmila Lipková 
264 1 |a Bratislava  |c 2021 
300 |a 71 s. 
100 1 |a Zhernosek, Daniil 
700 1 |a Lipková, Ľudmila 
710 2 |a Fakulta medzinárodných vzťahov EU. Katedra medzinárodných ekonomických vzťahov a hospodárskej diplomacie